000 00588nam a2200181Ia 4500
008 090124s9999 xx 000 0 und d
082 _b119038
100 _aअभ्यंकर कुसुम
245 _a जांभ्या दगडाचे डोळे
250 _a1
260 _c1981
300 _a151
600 _aअभ्यंकर कुसुम
630 _a जांभ्या दगडाचे डोळे
700 _aअभ्यंकर कुसुम
730 _a जांभ्या दगडाचे डोळे
942 _cBOOK
999 _c165124
_d165124